Statistiques concernant Cent villes françaises par image

Cliquez ici pour prendre le quiz!

Statistiques générales

  • Ce quiz a été pris 118 fois
  • Le résultat moyen est 60 sur 100

Statistiques - réponses

Réponse% Correct
La Rochelle
90%
Paris
88%
Lyon
86%
Strasbourg
83%
Montpellier
82%
Nice
82%
Nîmes
81%
Quimper
81%
Grenoble
80%
Bastia
79%
Bordeaux
79%
Marseille
79%
Ajaccio
78%
Clermont-Ferrand
78%
Biarritz
77%
Colmar
77%
Nancy
76%
Belfort
75%
Toulouse
74%
Brest
73%
Caen
73%
Saint-Denis
73%
Nantes
72%
Lille
71%
Rennes
71%
Annecy
70%
Le Mans
69%
Reims
69%
Carcassonne
68%
Dijon
68%
Fort-de-France
68%
Le Havre
68%
Saint-Denis
68%
Amiens
67%
Cannes
67%
Épinal
67%
Besançon
66%
Calais
65%
Bayonne
64%
Cayenne
64%
Toulon
64%
Auxerre
63%
Cherbourg-en-Cotentin
63%
Perpignan
63%
Charleville-Mézières
61%
Dunkerque
61%
Metz
61%
Villeurbanne
61%
Arles
60%
Chambéry
60%
Nevers
60%
Rouen
60%
Saint-Nazaire
60%
Vannes
60%
Mulhouse
59%
Nouméa
59%
Le Puy-en-Velay
58%
Pau
58%
Tours
58%
Troyes
58%
Angers
57%
Béziers
57%
Orléans
57%
Poitiers
57%
Saint-Étienne
57%
Angoulême
56%
Bourges
56%
Lourdes
56%
Albi
55%
Aurillac
55%
Limoges
55%
Saint-Malo
55%
Valence
55%
Chartres
54%
Roubaix
54%
Blois
53%
Papeete
53%
Mont-de-Marsan
52%
Aix-en-Provence
51%
Mamoudzou
50%
Lorient
49%
Verdun
49%
Mâcon
48%
Montauban
48%
Narbonne
48%
Vichy
48%
Agen
47%
Saint-Pierre
46%
Versailles
46%
Basse-Terre
43%
Compiègne
42%
Créteil
42%
Orange
40%
Dieppe
38%
Montélimar
36%
Thionville
28%
Langres
21%
Mantes-la-Jolie
20%
Saint-Omer
16%
Firminy
10%

Distribution des résultats

Percentile par nombre de réponses

% des personnes avec chaque résultat

Votre développement - résultats

Vous n’avez pas pris ce quiz